| 000 | 00766nam a2200241 a 4500 | ||
|---|---|---|---|
| 001 | 63632 | ||
| 005 | 20180714070140.0 | ||
| 008 | 150928s2004 sp r 000 0 spa d | ||
| 020 | _a978-84-9715-125-2 | ||
| 082 | 0 |
_a241.3 _bBAS |
|
| 100 | 1 |
_aBasilio _cSanto, Obispo de Cesarea _daproximadamente 329-379. |
|
| 245 | 1 | 0 |
_aPanegíricos a los mártires / _cBasilio. |
| 250 | _a[Primera edición] | ||
| 264 | 1 |
_aMéxico : _bEditorial Ciudad Nueva, _c2007 |
|
| 300 |
_a174 páginas ; _c21cm. |
||
| 336 |
_atexto _2rdacontent |
||
| 337 |
_asin mediación _2rdamedia |
||
| 338 |
_avolumen _2rdacarrier |
||
| 490 | 0 |
_aBiblioteca de patrística _v73 |
|
| 650 | 4 | _aMartires | |
| 650 | 4 | _aPecado | |
| 700 | 1 |
_aValdés García, María Alejandra _etraductor |
|
| 999 |
_c63632 _d63632 |
||